| 000 | 00550nam a2200169 a 4500 | ||
|---|---|---|---|
| 001 | 000036520 | ||
| 005 | 20200930075758.0 | ||
| 008 | 120119s1973 ve 000 0 spa d | ||
| 040 |
_aDO-SdBNP _bspa _cBNPHU |
||
| 082 |
_axxxx _bL579s |
||
| 100 | 1 |
_aLeón, Carlos Ausgusto _962768 |
|
| 245 | 1 | 0 |
_aSolamente el alba : _bpoemas / _cCarlos Ausgusto León. |
| 260 |
_aCaracas : _bUniversidad Central de Venezuela Dirección de Cultura, _c1973. |
||
| 300 |
_a123 p. ; _c21 cm. |
||
| 490 | 1 |
_aLetras de Venezuela _v30 |
|
| 830 | 0 |
_aLetras de Venezuela _v30 _917348 |
|
| 999 |
_c36011 _d36011 |
||